Normal view
MARC view
Entry Personal Name
001 - CONTROL NUMBER
- control field: 58152
003 - CONTROL NUMBER IDENTIFIER
- control field: OSt
005 - DATE AND TIME OF LATEST TRANSACTION
- control field: 20251210145442.0
008 - FIXED-LENGTH DATA ELEMENTS
- fixed length control field: 251210|| aca||aabn | a|a d
040 ## - CATALOGING SOURCE
- Original cataloging agency: OSt
- Transcribing agency: OSt
100 ## - HEADING--PERSONAL NAME
- Personal name: Vikash and Verma, Saroj Kumar
670 ## - SOURCE DATA FOUND
- Source citation: Work cat.: (OSt)527668: Vikash and Verma, Saroj Kumar , Civil society in good governance: A critical study of its role in India
